000 01995nam a2200265 a 4500
001 BRCA_8754
005 20190320210408.0
008 130317s1771----sp-#######---#000-0#spa-#
041 _aspa
044 _asp
084 _aBE120
_b.B67 1771
100 1 _aBossuet, Jacobo Benigno
_d1627 - 1704
_921800
245 1 0 _aDefensa de la declaración de la asamblea del clero de Francia de 1682
_bacerca de la protestad eclesiástica
_cpor el Ilmo. señor Jacobo Benigno Bossuet Obispo de Meaux; traducida en español por el doctor Don Francisco Martínez Molés.
260 _aMadrid
_bEn la Oficina de Pedro Marin
_c1771
300 _aXV, 415 p. (t.2)
_c21.7 x 15.5 cm.
500 _aCon Superior Permiso y Licencia
500 _aCon marca de fuego: “Procedencia de la marca: Convento de San Francisco Santa María del Pueblito de Querétaro(1). Institución: Orden de Frailes Menores. Provincia de San Pedro y San Pablo de Michoacán. Descripción: Monograma conformado por las iniciales “P”, “u”, “E” seguidas de “b”, “I”, “T” y “o” que se desata como Pueblito(2) dentro de un filete en forma de rombo. Observaciones: Krausse la incluye entre las marcas no identificadas. David Saavedra la identifica como del Convento Franciscano de Santa María del Pueblito, Villa Corregidora de Querétaro. Con el testimonio de pertenencia ubicado en este ejemplar se corrobora la atribución realizada por David Saavedra. Ubicación de la marca en el libro: Canto superior, inferior y lateral”
500 _aEstado físico: presenta encuadernación en pergamino, con lomo semi desprendido
650 1 4 _aPolítica
_yObras anteriores a 1800
_zFrancia
_921801
700 1 _aMartínez Molés, Francisco
_etr.
_921802
700 1 _aMarin, Pedro
_eImpresor
_921803
856 _ahttp://www.marcasdefuego.buap.mx:8180/xmLibris/projects/firebrand/item.jsp?repository=marcas_de_fuego&key=marcas_de_fuego_franciscanas_20150618135223_2ccc.xml&num=124
902 _aCFM
942 _2lcc
_cB
999 _c8406
_d8406